000 00358nam a2200145 i 4500
001 bg
100 1 _aTOLSTOV, JU. G.
245 0 _aTeorija elektriceskich cepej /
_cJu.G. Tolstov, A.A. Ttevrjukov.
260 _aMoskva,
_c1971.
700 1 _aTEVRJUKOV, A. A.
040 _cBPK
041 _apol
942 _cKS
008 s pl f |000 0 pol
999 _c14145
_d14145
856 _uhttp://koha.tu.koszalin.pl/cgi-bin/koha/opac-detail.pl?biblionumber=14145
_yKatalog online BPK